00340cam a22001097a 4500008004000000020001500040245008300055260003900138300001000177700001700187700002600204180718b2005 xxu||||| |||| 00| 0 eng d a8178814897 aSpirituality in the workplacecedited by C. Vijaychandra Kumar and K. Sreenath aHyderabadbICFAI Univ. Pressc2005 a201p. aSreenath, K. aC. Vijaychandra Kumar